Word Ladder: Chaos Theory Quiz Stats

 Plays Quiz Updated May 20, 2015

Challenge
Share
Tweet
Embed
Score 0/33 Timer 04:00
0 Plays Today
Hint 4-Letter Word % Correct
Ride the wavesSURF
95.9%
〶 Cigarette remnant 〶 Ƹ̵̡Ӝ̵̨̄Ʒ BUTT Ƹ̵̡Ӝ̵̨̄Ʒ
93.1%
〶 Gang's domain 〶Ƹ̵̡Ӝ̵̨̄Ʒ TURF Ƹ̵̡Ӝ̵̨̄Ʒ
92.9%
Source of ivoryTUSK
92.5%
Istanbul nativeTURK
92.2%
Racer of the tortoiseHARE
90.6%
King of the jungleLION
89.6%
China or ____!BUST
89.1%
Relative of a geek or dweebNERD
88.9%
Under the weatherSICK
86.9%
Lowly one working for a lordSERF
86.6%
Canadian birdLOON
86.5%
Bunch of cards or wolvesPACK
86.5%
〶 Walking aid 〶♆☁♆ CANE ♆☁♆
85.7%
Perform on the streetBUSK
85.1%
Must haveNEED
85%
Time tween dawn and noonMORN
85%
Hint 4-Letter Word % Correct
Having all one's marblesSANE
84.7%
Orb that affects tidesMOON
84.1%
Trigonometric functionSINE
83.8%
Oliver Twist's requestMORE
83.8%
Spongy material for toysNERF
83.2%
Swim alternativeSINK
82.6%
Monopoly Place?PARK
79.4%
Whittle downPARE
78.6%
〶 Not there 〶♆☁♆ HERE ♆☁♆
78.4%
Holder for wineRACK
77.8%
〶 Rolling Astley 〶♆☁♆ RICK ♆☁♆
77.8%
Barely sufficientMERE
72.4%
A mortgage-based securityLIEN
59.2%
〶 Loads of baloney 〶Ƹ̵̡Ӝ̵̨̄Ʒ LIES Ƹ̵̡Ӝ̵̨̄Ʒ
48.5%
Certifier of green buildingsLEED
45.1%
Wine dregsLEES
44.2%

Today's Daily Dose

You're not logged in!

Compare scores with friends on all Sporcle quizzes.
Join for Free
OR
Log In

You Might Also Like...

Show Comments

Extras

Top Quizzes Today


Score Distribution

Your Account Isn't Verified!

In order to create a playlist on Sporcle, you need to verify the email address you used during registration. Go to your Sporcle Settings to finish the process.

Report this User

Report this user for behavior that violates our Community Guidelines.

Details: